Humanitárna intervencia a charta OSN

Uplatňovanie doktríny humanitárnej intervencie ako inštitúcie medzinárodného práva. Odkaz na normy medzinárodného práva v charte OSN. Bezpečnostná rada OSN a koncepcie OSN na udržanie medzinárodného mieru a zabezpečenie medzinárodnej bezpečnosti.

Gespeichert in:
Bibliographische Detailangaben
1. Verfasser: Králik, Juraj
Format: Buchkapitel
Sprache:Slowakisch
Schlagworte:
Tags: Tag hinzufügen
Keine Tags, Fügen Sie das erste Tag hinzu!

MARC

LEADER 00000naa$a2200000$$$4500
001 0010974
005 20230808081503.6
041 0 |a slo 
044 |a SK 
245 1 0 |a Humanitárna intervencia a charta OSN  |c Juraj Králik 
520 |a Uplatňovanie doktríny humanitárnej intervencie ako inštitúcie medzinárodného práva. Odkaz na normy medzinárodného práva v charte OSN. Bezpečnostná rada OSN a koncepcie OSN na udržanie medzinárodného mieru a zabezpečenie medzinárodnej bezpečnosti. 
610 2 0 |a politika svetová 
610 2 0 |a konflikty medzinárodné 
610 2 0 |a politika mierová 
610 2 0 |a politika medzinárodná 
610 2 0 |a bezpečnosť 
610 2 0 |a právo medzinárodné 
610 2 0 |a humanizmus 
610 2 0 |a doktríny sociálne 
610 2 0 |a NATO 
610 2 0 |a OSN 
100 1 |a Králik, Juraj